000
00302nam a2200145Ia 4500
100
_a
Gajjar/Dhiren
942
_c
BK
654
_a
Programming
245
_a
Computer Programming III
260
_b
Students book depot
082
_a
005-076
_b
THA
300
_a
218
546
_a
ENGLISH
999
_c
27276
_d
27276